20 Random U.S. States - Statistics

General Stats
  • This quiz has been taken 19 times
  • The average score is 17 of 20
Answer Stats
Answer % Correct
California
100%
Colorado
100%
New York
100%
Alabama
94%
Hawaii
94%
Maine
94%
Montana
94%
Rhode Island
94%
Massachusetts
88%
Mississippi
88%
Texas
88%
Vermont
88%
Wyoming
88%
Kentucky
82%
Maryland
82%
New Hampshire
82%
New Jersey
82%
Louisiana
71%
Connecticut
65%
Minnesota
59%
No matching quizzes found
Score Distribution
Percent of People with Each Score
Percentile by Number Answered
Your Score History
You have not taken this quiz